000 01323nam a2200289 i 4500
003 EG-GICUC
005 20260212182746.0
008 260212s19581377ua ||||fr|||| 00| 0 ara d
040 _a EG-GICUC
_bara
_c EG-GICUC
_d EG-GICUC
_erda
041 _aara
082 0 4 _221
_a343.1633107
_bم ج
092 0 4 _221
099 _aLaw1 10 343.1633107 م ج1958
110 1 _aمحكمة النقض المكتب الفنى
_eمؤلف.
245 1 0 _aمجموعة القواعد القانونية التى قررتها محكمة النقض :
_bفى خمسة وعشرين عاما من أول أنشائها فى 1931 حتى 31 ديسمبر 1955 الدائرة الجنائية.
_cتأليف محكمة النقض المكتب الفنى.
_nالجزء الأول،
_p(ا - خ) /
264 1 _aالقاهرة :
_bمطابع مدكور وأولاده بالقاهرة،
_c1958.
300 _a565 صفحة ;
_c24 سم.
336 _2rda content
_atext
337 _2rda media
_aComputer
338 _2rda carrier
_aOnline Resource
546 _aالنص باللغة العربية
650 1 _aالقانون الجنائي
650 1 _aالقواعد العامة في تطبيق العقوبات
_xنقض / احكام
856 4 0 _uhttps://fll.law.cu.edu.eg/fulltext/bks/B10-08854.pdf
905 _a43
942 _2ddc
_n0
_cBK
_e21
999 _c62933
_d62933